LEADER 01231nam a2200301 a 4500 001 000000134254 003 CaOOAMICUS 005 20130607110228.0 008 130607s1998 it u000 u ita r 020 $a88-14-06927-1 040 $aPUL$bita 082 04$a340.11 100 1 $aGuastini, Riccardo.$0(OLS)http://pul/name/15052 245 10$aTeoria e dogmatica delle fonti /$cRiccardo Guastini. 260 $aMilano :$bGiuffrè,$c1998. 300 $aXXVI, 750 p. ;$c25 cm. 490 1 $aTrattato di diritto civile e commerciale ;$v01,t. 01 650 4$aFilosofia del diritto.$0(OLS)http://pul/subject/620 830 0$aTrattato di diritto civile e commerciale ;$v01,t. 01.$0(OLS)http://pul/title/56892 850 $aPUL 852 $aPUL$W1$xSL Diritto e Scienze Sociali 3$y79$m340. 11 GUARI 1$j154347$qDDC 21$B153899$CPULBib$Z2$F153899 $H122588 $82 941 1 $a9 960 $aDiritto$xFilosofia$9620 996 $6020$a88-14-06927-1$9(OLS)http://pul/number/152950 996 $6082$a340.11$9(OLS)http://pul/classification/1908 996 $6245$aTeoria e dogmatica delle fonti$9(OLS)http://pul/title/169744 996 $6260$aMilano :$bGiuffrè$9(OLS)http://pul/publisher/48401 LEADER 01467nam a2200325 a 4500 001 000000156730 003 CaOOAMICUS 005 20161125110936.0 008 161125s2004 it u000 u ita r 020 $a88-8342-274-0* 032 $aLibriCat 040 $aPUL$bita 082 04$a155 245 03$aIl girasole e l'ombra :$bintimità e solitudine del bambino nella cultura del clamore /$ca cura di Guido Crocetti ; contributi di Rosa Agosta ... [et al.]. 260 $aBologna :$bPendragon,$c©2004. 300 $a123 p. ;$c21 cm. 490 1 $aSentieri della mente. Individuo, educazione, società ;$v07 504 $aBibliografia in nota. 650 4$aPsicologia$xInfanzia.$0(OLS)http://pul/subject/41768 700 1 $aCrocetti, Guido.$0(OLS)http://pul/name/73923 700 1 $aAgosta, Rosa.$0(OLS)http://pul/name/99960 830 0$aSentieri della mente. Individuo, educazione, società ;$v07.$0(OLS)http://pul/title/196338 850 $aPUL 852 $aPUL$W1$xSL Filosofia 3$y81$m155 CROGU 1$j180011$qDDC 21$B183134$CPULBib$Z2$F183134 $H128398 $81 941 1 $a9 996 $6020$a88-8342-274-0*$9(OLS)http://pul/number/161519 996 $6082$a155$9(OLS)http://pul/classification/694 996 $6245$aIl girasole e l'ombra :$bintimità e solitudine del bambino nella cultura del clamore$9(OLS)http://pul/title/196337 996 $6260$aBologna :$bPendragon$9(OLS)http://pul/publisher/70550